<?xml version="1.0" encoding="UTF-8"?>
<record
    xmlns:xsi="http://www.w3.org/2001/XMLSchema-instance"
    xsi:schemaLocation="http://www.loc.gov/MARC21/slim http://www.loc.gov/standards/marcxml/schema/MARC21slim.xsd"
    xmlns="http://www.loc.gov/MARC21/slim">

  <leader>00461cam a22001575a 4500</leader>
  <datafield tag="020" ind1=" " ind2=" ">
    <subfield code="a">1853839841</subfield>
  </datafield>
  <datafield tag="020" ind1=" " ind2=" ">
    <subfield code="a">1853839833 (pbk.)</subfield>
  </datafield>
  <datafield tag="040" ind1=" " ind2=" ">
    <subfield code="c">UKM</subfield>
  </datafield>
  <datafield tag="082" ind1="0" ind2="4">
    <subfield code="a">338 WIN 2000 C342 Or.</subfield>
  </datafield>
  <datafield tag="100" ind1="1" ind2=" ">
    <subfield code="a">Scheewe, Winfried.</subfield>
  </datafield>
  <datafield tag="245" ind1="1" ind2="0">
    <subfield code="a">Nurturing soil, feeding people :</subfield>
    <subfield code="b">principles of sustainable agriculture in the tropics /</subfield>
  </datafield>
  <datafield tag="260" ind1=" " ind2=" ">
    <subfield code="a">London :</subfield>
    <subfield code="b">Earthscan,</subfield>
    <subfield code="c">2003.</subfield>
  </datafield>
  <datafield tag="300" ind1=" " ind2=" ">
    <subfield code="a">272 p. :</subfield>
    <subfield code="b">ill. ;</subfield>
    <subfield code="c">24 cm.</subfield>
  </datafield>
  <datafield tag="650" ind1=" " ind2="0">
    <subfield code="a">Sustainable agriculture</subfield>
  </datafield>
  <datafield tag="942" ind1=" " ind2=" ">
    <subfield code="c">AEDBB</subfield>
  </datafield>
  <datafield tag="999" ind1=" " ind2=" ">
    <subfield code="c">21248</subfield>
    <subfield code="d">21248</subfield>
  </datafield>
  <datafield tag="952" ind1=" " ind2=" ">
    <subfield code="0">0</subfield>
    <subfield code="1">0</subfield>
    <subfield code="4">0</subfield>
    <subfield code="6">338_000000000000000_WIN_2000_C342_OR</subfield>
    <subfield code="7">0</subfield>
    <subfield code="9">93134</subfield>
    <subfield code="a">LBC</subfield>
    <subfield code="b">LBC</subfield>
    <subfield code="c">C342</subfield>
    <subfield code="d">2023-04-05</subfield>
    <subfield code="o">338 WIN 2000 C342 Or.</subfield>
    <subfield code="p">a071386</subfield>
    <subfield code="r">2023-04-05</subfield>
    <subfield code="y">AEDBB</subfield>
  </datafield>
  <datafield tag="952" ind1=" " ind2=" ">
    <subfield code="0">0</subfield>
    <subfield code="1">0</subfield>
    <subfield code="4">0</subfield>
    <subfield code="6">338_000000000000000_WIN_2000_C342_OR</subfield>
    <subfield code="7">0</subfield>
    <subfield code="9">93135</subfield>
    <subfield code="a">LBC</subfield>
    <subfield code="b">LBC</subfield>
    <subfield code="c">C342</subfield>
    <subfield code="d">2023-04-05</subfield>
    <subfield code="o">338 WIN 2000 C342 Or.</subfield>
    <subfield code="p">a071446</subfield>
    <subfield code="r">2023-04-05</subfield>
    <subfield code="y">AEDBB</subfield>
  </datafield>
  <datafield tag="952" ind1=" " ind2=" ">
    <subfield code="0">0</subfield>
    <subfield code="1">0</subfield>
    <subfield code="4">0</subfield>
    <subfield code="6">338_000000000000000_WIN_2000_C342_OR</subfield>
    <subfield code="7">0</subfield>
    <subfield code="9">93136</subfield>
    <subfield code="a">LBC</subfield>
    <subfield code="b">LBC</subfield>
    <subfield code="c">C342</subfield>
    <subfield code="d">2023-04-05</subfield>
    <subfield code="o">338 WIN 2000 C342 Or.</subfield>
    <subfield code="p">a066197</subfield>
    <subfield code="r">2023-04-05</subfield>
    <subfield code="y">AEDBB</subfield>
  </datafield>
  <datafield tag="952" ind1=" " ind2=" ">
    <subfield code="0">0</subfield>
    <subfield code="1">0</subfield>
    <subfield code="4">0</subfield>
    <subfield code="6">338_000000000000000_WIN_2000_C342_OR</subfield>
    <subfield code="7">0</subfield>
    <subfield code="9">93137</subfield>
    <subfield code="a">LBC</subfield>
    <subfield code="b">LBC</subfield>
    <subfield code="c">C342</subfield>
    <subfield code="d">2023-04-05</subfield>
    <subfield code="o">338 WIN 2000 C342 Or.</subfield>
    <subfield code="p">a066257</subfield>
    <subfield code="r">2023-04-05</subfield>
    <subfield code="y">AEDBB</subfield>
  </datafield>
  <datafield tag="952" ind1=" " ind2=" ">
    <subfield code="0">0</subfield>
    <subfield code="1">0</subfield>
    <subfield code="4">0</subfield>
    <subfield code="6">338_000000000000000_WIN_2000_C342_OR</subfield>
    <subfield code="7">0</subfield>
    <subfield code="9">93138</subfield>
    <subfield code="a">LBC</subfield>
    <subfield code="b">LBC</subfield>
    <subfield code="c">C342</subfield>
    <subfield code="d">2023-04-05</subfield>
    <subfield code="o">338 WIN 2000 C342 Or.</subfield>
    <subfield code="p">a066137</subfield>
    <subfield code="r">2023-04-05</subfield>
    <subfield code="y">AEDBB</subfield>
  </datafield>
  <datafield tag="952" ind1=" " ind2=" ">
    <subfield code="0">0</subfield>
    <subfield code="1">0</subfield>
    <subfield code="4">0</subfield>
    <subfield code="6">338_000000000000000_WIN_2000_C342_OR</subfield>
    <subfield code="7">0</subfield>
    <subfield code="9">93139</subfield>
    <subfield code="a">LBC</subfield>
    <subfield code="b">LBC</subfield>
    <subfield code="c">C342</subfield>
    <subfield code="d">2023-04-05</subfield>
    <subfield code="o">338 WIN 2000 C342 Or.</subfield>
    <subfield code="p">a071466</subfield>
    <subfield code="r">2023-04-05</subfield>
    <subfield code="y">AEDBB</subfield>
  </datafield>
  <datafield tag="952" ind1=" " ind2=" ">
    <subfield code="0">0</subfield>
    <subfield code="1">0</subfield>
    <subfield code="4">0</subfield>
    <subfield code="6">338_000000000000000_WIN_2000_C342_OR</subfield>
    <subfield code="7">0</subfield>
    <subfield code="9">93140</subfield>
    <subfield code="a">LBC</subfield>
    <subfield code="b">LBC</subfield>
    <subfield code="c">C342</subfield>
    <subfield code="d">2023-04-05</subfield>
    <subfield code="o">338 WIN 2000 C342 Or.</subfield>
    <subfield code="p">a066116</subfield>
    <subfield code="r">2023-04-05</subfield>
    <subfield code="y">AEDBB</subfield>
  </datafield>
  <datafield tag="952" ind1=" " ind2=" ">
    <subfield code="0">0</subfield>
    <subfield code="1">0</subfield>
    <subfield code="4">0</subfield>
    <subfield code="6">338_000000000000000_WIN_2000_C342_OR</subfield>
    <subfield code="7">0</subfield>
    <subfield code="9">93141</subfield>
    <subfield code="a">LBC</subfield>
    <subfield code="b">LBC</subfield>
    <subfield code="c">C342</subfield>
    <subfield code="d">2023-04-05</subfield>
    <subfield code="o">338 WIN 2000 C342 Or.</subfield>
    <subfield code="p">a066303</subfield>
    <subfield code="r">2023-04-05</subfield>
    <subfield code="y">AEDBB</subfield>
  </datafield>
  <datafield tag="952" ind1=" " ind2=" ">
    <subfield code="0">0</subfield>
    <subfield code="1">0</subfield>
    <subfield code="4">0</subfield>
    <subfield code="6">338_000000000000000_WIN_2000_C342_OR</subfield>
    <subfield code="7">0</subfield>
    <subfield code="9">93142</subfield>
    <subfield code="a">LBC</subfield>
    <subfield code="b">LBC</subfield>
    <subfield code="c">C342</subfield>
    <subfield code="d">2023-04-05</subfield>
    <subfield code="o">338 WIN 2000 C342 Or.</subfield>
    <subfield code="p">a066108</subfield>
    <subfield code="r">2023-04-05</subfield>
    <subfield code="y">AEDBB</subfield>
  </datafield>
  <datafield tag="952" ind1=" " ind2=" ">
    <subfield code="0">0</subfield>
    <subfield code="1">0</subfield>
    <subfield code="4">0</subfield>
    <subfield code="6">338_000000000000000_WIN_2000_C342_OR</subfield>
    <subfield code="7">0</subfield>
    <subfield code="9">93143</subfield>
    <subfield code="a">LBC</subfield>
    <subfield code="b">LBC</subfield>
    <subfield code="c">C342</subfield>
    <subfield code="d">2023-04-05</subfield>
    <subfield code="o">338 WIN 2000 C342 Or.</subfield>
    <subfield code="p">a066243</subfield>
    <subfield code="r">2023-04-05</subfield>
    <subfield code="y">AEDBB</subfield>
  </datafield>
  <datafield tag="952" ind1=" " ind2=" ">
    <subfield code="0">0</subfield>
    <subfield code="1">0</subfield>
    <subfield code="4">0</subfield>
    <subfield code="6">338_000000000000000_WIN_2000_C342_OR</subfield>
    <subfield code="7">0</subfield>
    <subfield code="9">93144</subfield>
    <subfield code="a">LBC</subfield>
    <subfield code="b">LBC</subfield>
    <subfield code="c">C342</subfield>
    <subfield code="d">2023-04-05</subfield>
    <subfield code="o">338 WIN 2000 C342 Or.</subfield>
    <subfield code="p">a066123</subfield>
    <subfield code="r">2023-04-05</subfield>
    <subfield code="y">AEDBB</subfield>
  </datafield>
</record>
